| Tag |
First Indicator |
Second Indicator |
Subfields |
| LEADER |
00000cjm a2200000Ia 4500 |
| 001 |
in00003386921 |
| 005 |
20151206085458.0 |
| 007 |
sd fsngnnmmned |
| 008 |
130715s2013 caurcnn d n eng d |
| 024 |
1 |
0 |
|a 602537430796
|
| 028 |
0 |
2 |
|a B0018649-02
|b Interscope
|
| 035 |
|
|
|a (OCoLC)ocn852804037
|
| 035 |
|
|
|a (OCoLC)852804037
|
| 040 |
|
|
|a INO
|c INO
|d TXA
|d UtOrBLW
|
| 049 |
|
|
|a TXAM
|
| 090 |
|
|
|a M1630.18.G7475
|b D65 2013
|
| 100 |
1 |
|
|a Grey, Skylar,
|d 1986-
|
| 245 |
1 |
0 |
|a Don't look down /
|c Skylar Grey.
|
| 250 |
|
|
|a Deluxe ed.
|
| 264 |
|
1 |
|a Santa Monica, CA :
|b Interscope,
|c [2013]
|
| 264 |
|
4 |
|c ℗2013
|
| 300 |
|
|
|a 1 sound disc :
|b digital ;
|c 4 3/4 in.
|
| 336 |
|
|
|a performed music
|b prm
|2 rdacontent
|
| 337 |
|
|
|a audio
|b s
|2 rdamedia
|
| 338 |
|
|
|a audio disc
|b sd
|2 rdacarrier
|
| 511 |
0 |
|
|a Skylar Grey, vocals ; with various performers.
|
| 500 |
|
|
|a Compact disc.
|
| 500 |
|
|
|a "Parental advisory: explicit content"--Container.
|
| 500 |
|
|
|a Lyrics inserted in container.
|
| 505 |
0 |
|
|a Back from the dead (feat. Big Sean & Travis Barker) -- Final warning -- Wear me out -- Religion -- C'mon let me ride (feat. Eminem) -- Weirdo -- Sunshine -- Pulse -- Glow in the dark -- Beautiful nightmare -- S***, Man! (feat. Angel Haze) -- Clear blue sky -- Tower (don't look down) -- White suburban.
|
| 500 |
|
|
|a Sound recording.
|
| 650 |
|
0 |
|a Rock music
|y 2011-2020.
|
| 650 |
|
0 |
|a Alternative rock music.
|
| 650 |
|
0 |
|a Rap (Music)
|
| 700 |
0 |
|
|a Big Sean,
|d 1988-
|
| 700 |
1 |
|
|a Barker, Travis.
|
| 700 |
0 |
|
|a Eminem,
|d 1972-
|
| 700 |
1 |
|
|a Haze, Angel.
|
| 948 |
|
|
|a cataloged
|b h
|c 2013/11/11
|d c
|e jolivare
|f 9:16:48 am
|
| 994 |
|
|
|a C0
|b TXA
|
| 999 |
|
|
|a MARS
|
| 999 |
f |
f |
|s 58f8530d-3186-3654-a2e5-254659910231
|i 8f60d516-cf25-3ecd-a98b-63fcda2dfdfa
|t 0
|
| 952 |
f |
f |
|p ric
|a Texas A&M University
|b Rellis Campus
|c Joint Library Facility
|d Remote Storage
|t 0
|e M1630.18.G7475 D65 2013
|h Library of Congress classification
|i audio -- audio disc
|m A14840965043
|
| 998 |
f |
f |
|a M1630.18.G7475 D65 2013
|t 0
|l Remote Storage
|